000 00312nam a22001337a 4500
008 180831b xxu||||| |||| 00| 0 eng d
020 _a074470874676
041 _aeng
080 _a7
100 _a45
101 _aART
245 _aGulf Coast a Journal Of Literature Fine Arts
_cFlyn.N
942 _2udc
_cBK
999 _c47413
_d47413